All I Ask by Adele - Lyrics Quiz - Statistics

General Stats
  • This quiz has been taken 137 times
  • The average score is 245 of 285
Answer Stats
lyric % Correct
a
100%
all
100%
All
100%
ask
100%
I
100%
is
100%
me
99%
my
99%
last
97%
you
97%
love
96%
night
96%
this
96%
with
96%
If
95%
if
95%
Like
95%
like
95%
more
95%
than
95%
friend
93%
I'm
93%
just
93%
can
92%
do
92%
Hold
92%
again?
91%
by
91%
Give
91%
the
91%
what
91%
be
89%
It
89%
never
89%
us
89%
we
89%
don't
88%
know
88%
hand
87%
no
87%
No
87%
Take
87%
lovers
85%
to?
85%
And
84%
for
84%
how
84%
in
84%
memory
84%
use
84%
who
84%
ends
83%
your
83%
at
81%
matters
81%
one
81%
'Cause
80%
that
80%
door
79%
heart
79%
will
79%
only
77%
say
77%
So
77%
won't
77%
Or
76%
or
76%
there
76%
they
76%
why
76%
leave
75%
word
75%
you're
75%
It's
73%
need
73%
Tell
73%
while
73%
said
72%
not
71%
been
69%
knows
69%
of
69%
way
69%
we're
69%
before,
68%
wrong
68%
Look,
65%
our
65%
play
65%
eyes
64%
eyes,
64%
honesty
64%
pretend?
64%
remember
64%
already
63%
Let
63%
get
61%
They've
61%
tomorrow
61%
wanna
61%
since
60%
speak
60%
run
59%
cruel
57%
nothing
57%
asking
56%
forgiveness
56%
sure
56%
coming
55%
left
55%
next
55%
scared
55%
what's
55%
ain't
49%
lesson
49%
having
48%
vicious
33%
No matching quizzes found
Score Distribution
Percent of People with Each Score
Percentile by Number Answered
Your Score History
You have not taken this quiz